AMERICAN DYNASTY ARISTOCRACY FORTUNE AND THE POLITICS OF DECEIT IN THE HOUSE OF BUSH / (Record no. 617356)

000 -LEADER
fixed length control field 00397nam a22001337a 4500
020 ## - INTERNATIONAL STANDARD BOOK NUMBER
Qualifying information HB.
040 ## - CATALOGING SOURCE
Transcribing agency FIZZA ISHAQ
082 ## - DEWEY DECIMAL CLASSIFICATION NUMBER
Classification number 973.928
Author Mark KEV
100 ## - MAIN ENTRY--PERSONAL NAME
Personal name PHILLIPS,KEVIN.
9 (RLIN) 134378
245 ## - TITLE STATEMENT
Title AMERICAN DYNASTY ARISTOCRACY FORTUNE AND THE POLITICS OF DECEIT IN THE HOUSE OF BUSH /
Statement of responsibility, etc. KEVIN PHILLIPS.
260 ## - PUBLICATION, DISTRIBUTION, ETC.
Place of publication, distribution, etc. NEW YORK ;
Name of publisher, distributor, etc. VIKING,
Date of publication, distribution, etc. 2004.
300 ## - PHYSICAL DESCRIPTION
Extent 397 P. ;
Dimensions 9.9X6.4IN
942 ## - ADDED ENTRY ELEMENTS (KOHA)
Source of classification or shelving scheme
Koha item type Book
Holdings
Withdrawn status Lost status Source of classification or shelving scheme Damaged status Not for loan Permanent Location Current Location Date acquired Total Checkouts Full call number Barcode Date last seen Price effective from Koha item type
          NUST Baluchistan Campus (NBC) NUST Baluchistan Campus (NBC) 05/07/2026   973.928 KEV QD-629 05/07/2026 05/07/2026 Book
© 2023 Central Library, National University of Sciences and Technology. All Rights Reserved.